Historia del urbanismo (Registro nro. 1510)
[ vista simple ]
| 000 -LEADER | |
|---|---|
| fixed length control field | 00784 a2200229 4500 |
| 001 - CONTROL NUMBER | |
| control field | 26889 |
| 005 - DATE AND TIME OF LATEST TRANSACTION | |
| control field | 20260407155546.0 |
| 008 - FIXED-LENGTH DATA ELEMENTS--GENERAL INFORMATION | |
| fixed length control field | 260407a1985 arg spa d |
| 003 - CONTROL NUMBER IDENTIFIER | |
| control field | AR-UNSa-BCEJYS |
| 040 ## - CATALOGING SOURCE | |
| Original cataloging agency | AR-UNSa-BCEJYS |
| Language of cataloging | spa |
| Transcribing agency | AR-UNSa-BCEJYS |
| 080 ## - UNIVERSAL DECIMAL CLASSIFICATION NUMBER | |
| Universal Decimal Classification number | 711(09) |
| Common auxiliary subdivision | Historía del Urbanismo |
| 020 ## - INTERNATIONAL STANDARD BOOK NUMBER | |
| International Standard Book Number | 84-7088-391-7 |
| 100 1# - MAIN ENTRY--PERSONAL NAME | |
| Personal name | Guidoni, Enrico |
| 245 10 - TITLE STATEMENT | |
| Title | Historia del urbanismo |
| Name of part/section of a work | El siglo XVI |
| 264 #1 - PRODUCTION, PUBLICATION, DISTRIBUTION, MANUFACTURE, AND COPYRIGHT NOTICE | |
| Place of production, publication, distribution, manufacture | Madrid : |
| Name of producer, publisher, distributor, manufacturer | Instituto de Estudios de Administración Local |
| Date of production, publication, distribution, manufacture, or copyright notice | 1985 |
| 300 ## - PHYSICAL DESCRIPTION | |
| Extent | 700 p. |
| Dimensions | 25 cm. |
| 505 ## - FORMATTED CONTENTS NOTE | |
| Formatted contents note | 1. Temas y problemas - 2. De finales del siglo XV a la crisis de los años 40 - 3. Las ciudades-fortaleza en la Roma de Sixto V |
| 590 ## - LOCAL NOTE (RLIN) | |
| Local note | niveau_biblio:m niveau_hierar:0 |
| 700 1# - ADDED ENTRY--PERSONAL NAME | |
| Personal name | Marino, Angela |
| 700 1# - ADDED ENTRY--PERSONAL NAME | |
| Personal name | Vioque Lozano, Juan |
| 942 ## - ADDED ENTRY ELEMENTS (KOHA) | |
| Koha item type | |
| Withdrawn status | Lost status | Damaged status | Not for loan | Home library | Current library | Shelving location | Date acquired | Total checkouts | Full call number | Barcode | Date last seen | Price effective from | Koha item type |
|---|---|---|---|---|---|---|---|---|---|---|---|---|---|
| Biblioteca Prof. Eusebio Cleto del Rey | Biblioteca Prof. Eusebio Cleto del Rey | 07/04/2026 | 711(09)"15" G948 | L58506 | 07/04/2026 | 07/04/2026 | Libro |